Statistiques concernant Pays commençant par la lettre E

Cliquez ici pour prendre le quiz!

Statistiques générales

  • Ce quiz a été pris 30,073 fois
    (27,359 depuis la dernière actualisation)
  • Le résultat moyen est 6 sur 8

Statistiques - réponses

Pays % Correct
Estonie
89%
Espagne
87%
Éthiopie
85%
Égypte
83%
Érythrée
80%
Équateur
78%
Etats-Unis
73%
Émirats arabes unis
64%

Distribution des résultats

Percentile by Number Answered

% des personnes avec chaque résultat

Votre développement - résultats

Vous n’avez pas pris ce quiz depuis la dernière actualisation